| 000 | 00886nam a2200277Ia 4500 | ||
|---|---|---|---|
| 999 |
_c51335 _d51335 |
||
| 001 | 18304 | ||
| 003 | GE_BSU | ||
| 005 | 20190420232328.0 | ||
| 008 | 181216s||||||||xx |||||||||||||| ||und|| | ||
| 020 | _a9789941234491 | ||
| 040 | _cGE_BSU | ||
| 041 | _ageo | ||
| 080 | _a821.134.3(81)-31 | ||
| 100 |
_aკოელიო,პაოლო _9183 |
||
| 245 | _aალქიმიკოსი | ||
| 245 | _bრომანი | ||
| 245 | _cრედ.ლ.ქადაგიშვილი, ნ.ნეკერიშვილი. მთარგმნ. მ.გელაშვილი | ||
| 260 | _aთბილისი | ||
| 260 | _bბაკურ სულაკაურის გამ-ბა | ||
| 260 | _c2015 | ||
| 300 | _a132გვ.20სმ. | ||
| 541 | _h4ლ.80თ. | ||
| 653 | _aალქიმიკოსი | ||
| 653 | _aრომანი | ||
| 942 |
_cBK _2udc |
||